Великие борцы за оздоровление человечества. Вып. 1: Гиппократ. Везалий. Дженнер. Пастер. Н.И. Пирогов (Запись № 13568975)

Подробности
000 -МАРКЕР
контрольное поле 01051nam2a2200229 4500
001 - ИДЕНТИФИКАТОР ЗАПИСИ
контрольное поле rc\2821919
005 - ИДЕНТИФИКАТОР ВЕРСИИ
контрольное поле 20260315044450.0
035 ## - ДРУГИЕ СИСТЕМНЫЕ НОМЕРА
Идентификатор записи (NLR Aleph) 006980316
100 ## - ДАННЫЕ ОБЩЕЙ ОБРАБОТКИ
Данные общей обработки 20110622d1928 u y0rusy50 ca
101 0# - ЯЗЫК РЕСУРСА
Язык текста, звукозаписи и т.д. русский
102 ## - СТРАНА ПУБЛИКАЦИИ ИЛИ ПРОИЗВОДСТВА
Страна публикации Российская Федерация
105 ## - ПОЛЕ КОДИРОВАННЫХ ДАННЫХ: ТЕКСТОВЫЕ МАТЕРИАЛЫ, МОНОГРАФИЧЕСКИЕ
Кодированные данные о монографическом текстовом документе c z |||||
200 1# - ЗАГЛАВИЕ И СВЕДЕНИЯ ОБ ОТВЕТСТВЕННОСТИ
Основное заглавие Гиппократ. Везалий. Дженнер. Пастер. Н.И. Пирогов
Сведения, относящиеся к заглавию Популярный очерк
210 ## - ПУБЛИКАЦИЯ, РАСПРОСТРАНЕНИЕ И ДР.
Дата издания, распространения и т.д. 1928
215 ## - ФИЗИЧЕСКАЯ ХАРАКТЕРИСТИКА
Специфическое обозначение материала и объем 64 с.
Другие сведения о физической характеристике портр.
461 #0 - УРОВЕНЬ НАБОРА
Встроенное поле 001rc\2821918
-- 2001#$aВеликие борцы за оздоровление человечества$eВып. 1-$fд-р Г.Я. Брук$vВып. 1
-- 700#1$aБрук$bГ.Я.$gГригорий Яковлевич$f1889-
Системный номер (АБИС) связанной записи 5524812
Автор Брук, Г.Я. (1889-)
Место публикации Москва
Дата публикации 1928
Первые сведения об ответственности д-р Г.Я. Брук
Имя издателя, распространителя и т.д. Гос. мед. изд-во
Сведения, относящиеся к заглавию Вып. 1-
Заглавие Великие борцы за оздоровление человечества
Номер тома Вып. 1
801 #0 - ИСТОЧНИК ЗАПИСИ
Страна Российская Федерация
Организация NLR
Правила каталогизации psbo
801 #1 - ИСТОЧНИК ЗАПИСИ
Страна Российская Федерация
Организация ELAR
Источник данных rusmarc
852 ## - МЕСТОНАХОЖДЕНИЕ И ШИФР ХРАНЕНИЯ
Идентификатор организации NLR
Шифр хранения (Call Number) 40/3358
942 ## - ДОПОЛНИТЕЛЬНЫЕ ЭЛЕМЕНТЫ ЗАПИСИ (АБИС)
Тип экземпляра АБИС Неопределено
980 ## - КОЛЛЕКЦИЯ
Название коллекции Национальная библиография

Нет доступных экземпляров.